000 00487nam a2200145Ia 4500
008 240729s9999 xx 000 0 und d
022 _a2079-0538
245 0 _aEmirates Journal of Food and Agriculture
260 _aUnited Arab Emirates
260 _bCollege of Agriculture and Veterinary Medicine, United Arab Emirates University, United Arab Emirates
650 _aAgriculture
856 _uhttps://doaj.org/toc/d15ba91367cc441dbdba3214a635b6fd
942 _2ddc
942 _cDOAJEJ
999 _c67072
_d67072
945 _a1
_bMadushi Gamage
_c1
_dMadushi Gamage